| 000 | 01365nam a2200325Ia 4500 | ||
|---|---|---|---|
| 001 | ebr10124706 | ||
| 003 | CaPaEBR | ||
| 006 | m u | ||
| 007 | cr cn||||||||| | ||
| 008 | 030603s2004 enka sb 001 0 eng d | ||
| 010 | _z 2003055191 | ||
| 020 | _z0511187289 | ||
| 020 | _z0521820987 | ||
| 040 |
_aCaPaEBR _cCaPaEBR |
||
| 035 | _a(OCoLC)319033333 | ||
| 050 | 1 | 4 |
_aTS655 _b.F75 2004eb |
| 082 | 0 | 4 |
_a671.7/34 _221 |
| 100 | 1 |
_aFritsching, Udo, _d1959- |
|
| 245 | 1 | 0 |
_aSpray simulation _h[electronic resource] : _bmodelling and numerical simulation of sprayforming metals / _cUdo Fritsching. |
| 246 | 1 | 4 | _aSpray simulation, modeling and numerical simulation of sprayforming metals |
| 260 |
_aCambridge, U.K. ; _aNew York : _bCambridge University Press, _cc2004. |
||
| 300 |
_axiv, 272 p. : _bill. |
||
| 504 | _aIncludes bibliographical references (p. 245-269) and index. | ||
| 533 |
_aElectronic reproduction. _bPalo Alto, Calif. : _cebrary, _d2006. _nAvailable via World Wide Web. _nAccess may be limited to ebrary affiliated libraries. |
||
| 650 | 0 |
_aMetal spraying _xMathematical models. |
|
| 650 | 0 |
_aMetal spraying _xComputer simulation. |
|
| 655 | 7 |
_aElectronic books. _2local |
|
| 710 | 2 | _aebrary, Inc. | |
| 856 | 4 | 0 |
_uhttp://site.ebrary.com/lib/rucke/Doc?id=10124706 _zAn electronic book accessible through the World Wide Web; click to view |
| 999 |
_c109026 _d109026 |
||